Southville International School and Colleges
Your cart is empty.
  • Cart
  • Lists
    Public lists Eva Luna New books Lux_list list_1
    Your lists Log in to create your own lists
  • Log in to your account
  • Your cookies
  • Search history
Southville International School and Colleges
  • Advanced search
  • Recent comments
  • Most popular
  • Libraries

Log in to your account

Log in with GOOGLE


If you do not have an external account, but do have a local account, you can still log in:

  1. Home
  2. MARC view: Hansel and Gretel.
Normal view MARC view ISBD view

Hansel and Gretel. (Record no. 111539)

[ view plain ]
MARC details
000 -LEADER
fixed length control field 00367nam a2200169 a 4500
001 - CONTROL NUMBER
control field 2201
005 - DATE AND TIME OF LATEST TRANSACTION
control field 20140414131917.0
008 - FIXED-LENGTH DATA ELEMENTS--GENERAL INFORMATION
fixed length control field 030210s19uu xx 00 eng d
050 ## - LIBRARY OF CONGRESS CALL NUMBER
Classification number ER
Item number H19 1999
100 ## - MAIN ENTRY--PERSONAL NAME
Personal name Gool, Van
245 ## - TITLE STATEMENT
Title Hansel and Gretel.
260 ## - PUBLICATION, DISTRIBUTION, ETC. (IMPRINT)
Place of publication, distribution, etc London :
Name of publisher, distributor, etc Creation.
300 ## - PHYSICAL DESCRIPTION
Extent
440 ## - SERIES STATEMENT/ADDED ENTRY--TITLE
Title Van Gool's
650 ## - SUBJECT ADDED ENTRY--TOPICAL TERM
Topical term or geographic name as entry element
Holdings
Withdrawn status Lost status Damaged status Home library Current library Shelving location Date acquired Total Checkouts Full call number Barcode Date last seen Price effective from Koha item type
      Munich Library Munich Library Easy Reading Section 10/19/2010   ER H19 1999 M2309 04/14/2014 04/14/2014 Books

Hansel and Gretel.

APA

Gool V., .Hansel and Gretel. London: Creation.

Chicago

Gool Van, .Hansel and Gretel. London: Creation.

Harvard

Gool V., .Hansel and Gretel. London: Creation.

MLA

Gool Van, .London: Creation. .

  • Place hold
  • Print
  • Cite
  • Add to your cart (remove)
  • Save record
    BIBTEX Dublin Core MARCXML MARC (non-Unicode/MARC-8) MARC (Unicode/UTF-8) MARC (Unicode/UTF-8, Standard) MODS (XML) RIS
  • More searches
    Search for this title in:
    Other Libraries (WorldCat) Other Databases (Google Scholar) Online Stores (Bookfinder.com) Open Library (openlibrary.org)

Exporting to Dublin Core...

SOUTHVILLE LIBRARY

Southville International School and Colleges Library

1281 Tropical Ave. Cor. Luxembourg St., BF Homes International, Las Pinas City

Tel. No. 8256374 / 252358 Loc. 117/146

Powered by Koha